000 00746nam2a22002411 4500
001 rc\2235634
005 20110829181157.0
035 _a(NLR Aleph) 006710242
090 _a5335157
_c5335157
100 _a20110829d1979 |||y0rusy50 ca
101 0 _arus
102 _aRU
105 _ay z |||||
200 1 _aГеннадий Божков
_fИ.Г. Ковалев
210 _aЭлиста
_cКн. изд-во
_d1979
461 0 _1001rc\2235631
_12001#$aХудожники Калмыкии$e[18 книг в футляре]$v[3]
702 1 _aКовалев
_bИ. Г.
_4220
702 1 _aБожков
_bГ.
_gГеннадий
_4570
801 0 _aRU
_bNLR
_gpsbo
801 1 _aRU
_bELAR
_2rusmarc
852 _aNLR
_j80-2/1362
942 _cBOOK
980 _aNB